000 00605nam a2200193 a 4500
003 PILC
005 20150112093428.0
008 100713s19uu xx 00 eng d
020 _a9780789729361
050 _aHF 5548.4.M525
_b.H116 2004
082 _aCSF 005.46
_bH11 2004
100 _aHabraken, Joe
_97014
245 _aMicrosoft Office 2003 :
_bAll-in-one /
_cJoe Habraken.
260 _aIndianapolis, Indiana :
_bQue Publishing,
_c2004.
300 _a951 pages :
_billustration ;
_c23 cm.
500 _aIncludes index.
650 _aMicorsoft office 2003
_xComputer software
_97015
942 _2lcc
_cBK
999 _c14266
_d14266